Θαλάσσια ρύπανση και περιβαλλοντική εκπαίδευση : πτυχιακή εργασία
Αποθηκεύτηκε σε:
| Κύριος συγγραφέας: | |
|---|---|
| Συγγραφή απο Οργανισμό/Αρχή: | |
| Άλλοι συγγραφείς: | |
| Μορφή: | Thesis Βιβλίο |
| Γλώσσα: | Greek |
| Δημοσίευση: |
2010
|
| Θέματα: | |
| Διαθέσιμο Online: | http://hdl.handle.net/11610/7124 |
| Ετικέτες: |
Προσθήκη ετικέτας
Δεν υπάρχουν, Καταχωρήστε ετικέτα πρώτοι!
|
MARC
| LEADER | 00000cam a2200000 i 4500 | ||
|---|---|---|---|
| 001 | 1/14533 | ||
| 008 | 110803s2010 gre d | ||
| 035 | |l 10110614 | ||
| 040 | |a GR-MY-UA |b gre |e aacr | ||
| 041 | 0 | |a gre | |
| 082 | 0 | |a 372.357 |2 (22) | |
| 100 | 1 | |a Κωστακόπουλος, Ευστάθιος. | |
| 245 | 1 | 0 | |a Θαλάσσια ρύπανση και περιβαλλοντική εκπαίδευση : |b πτυχιακή εργασία / |c επιμέλεια: Κωστακόπουλος Ευστάθιος ; επιβλέπουσα καθηγήτρια: Νικολάου Αναστασία |
| 260 | |c 2010 | ||
| 300 | |a 108 σ.; |b διαγρ., εικ.; |c 30 εκ. | ||
| 502 | |a Πτυχιακή εργασία – Πανεπιστήμιο Αιγαίου, Λέσβος, 2010. | ||
| 504 | |a Βιβλιογραφία: σ. 73-78 | ||
| 650 | 0 | 0 | |a Environmental education |x Activity programs |x Case studies. |
| 650 | 0 | 0 | |a Environmental education |x Case studies. |
| 650 | 0 | 0 | |a Marine pollution |x Environmental aspects. |
| 650 | 0 | 0 | |a Dissertations, Academic |z Greece. |
| 700 | 1 | |a Νικολάου, Αναστασία. |4 ths | |
| 710 | 2 | |a Πανεπιστήμιο Αιγαίου |b Σχολή Περιβάλλοντος |b Τμήμα Επιστημών της Θάλασσας. | |
| 852 | |a INST |b LESVOS |c DIATR |e 20110803 |h 507 |p 005100049725 |q 005100049725 |t DIE |y 23 | ||
| 852 | |a INST |b LESVOS |c DIATR |e 20110803 |h 508 |p 005100049726 |q 005100049726 |t DIE |y 23 | ||
| 856 | |u http://hdl.handle.net/11610/7124 | ||
| 901 | |a BIBL1-2011-2 | ||
| 909 | |a Λ |b 169499 | ||
| 909 | |a Λ |b 169498 | ||
| 924 | |a ΚΩΣΤΑΚΟΠΟΥΛΟΣ |b ΕΥΣΤΑΘΙΟΣ |y ΛΕΣΒΟΣ |z 2011-07 | ||
| 970 | |a ΠΑΤΣΗ |b ΑΝΘΙΠΠΗ |z 2011/08/03 | ||